00309nam a2200121Ia 4500008004100000041000800041082001500049100001600064245004200080260002900122300001900151999001700170241015s9999 xx 000 0 und d aeng a331.25 GHO aGhosh Amlan aPensions And Informal Sector In India bSpringeraNew Yorkc2022 a167;. P. 21 cm c41723d41723